LIBRARY & INFORMATION CENTRE, KCAET, TAVANUR

ONLINE PUBLIC ACCESS CATALOGUE (OPAC)

cottage and small industries in india / (Record no. 12081)

MARC details
000 -LEADER
fixed length control field 00637cam a2200145ua 4500
041 ## - LANGUAGE CODE
Language code of text/sound track or separate title eng
082 ## - DEWEY DECIMAL CLASSIFICATION NUMBER
Classification number 338.642
Item number IND/CO
245 ## - TITLE STATEMENT
Title cottage and small industries in india /
260 ## - PUBLICATION, DISTRIBUTION, ETC. (IMPRINT)
Place of publication :
Name of publisher I.A.T.C.P ,
Year of publication 1953.
300 ## - PHYSICAL DESCRIPTION
Number of Pages 23 ; .
942 ## - ADDED ENTRY ELEMENTS (KOHA)
Koha item type Books
Holdings
Withdrawn status Lost status Damaged status Home library Current library Date acquired Full call number Accession Number Koha item type
      KAUAET KAUAET 07/04/2012 338.642 712B Books
free website counter